| 000 | 00426cam a22001457a 4500 | ||
|---|---|---|---|
| 008 | 180718b1993 xxu||||| |||| 00| 0 eng d | ||
| 020 | _a9840511874 | ||
| 082 | _aA99/T129 H127 | ||
| 100 | _aHajnoczy, Rozsa | ||
| 245 |
_aFire of Bengal _cby Rozsa Hajnoczy and edited by William Radice |
||
| 260 |
_aDhaka _bUniversity Press _c1993 |
||
| 300 | _a589p. | ||
| 650 | _aTagore, Rabindranata - Biography | ||
| 700 | _aRadice, William | ||
| 999 |
_c385743 _d385743 |
||